书目信息 |
| 题名: |
古典诗歌基本解读
|
|
| 作者: | ;北京师联教育科学研究所 编著 | |
| 分册: | 4 宋词观止 | |
| 出版信息: | 北京 人民武警出版社 2002 |
|
| 页数: | 263页 | |
| 开本: | 20cm | |
| 丛书名: | 图书馆古典文学基本典藏 | |
| 单 册: | ||
| 中图分类: | I222 , I207 | |
| 科图分类: | ||
| 主题词: | 古典诗歌--中国--选集 , 宋词--中国--选集 , 古典诗歌 , 宋词 , 文学--中国 | |
| 电子资源: | ||
| ISBN: | 7-80176-019-0 | |
| 000 | 01047oam2 2200301 450 | |
| 001 | 1558873978 | |
| 005 | 20150125171332.57 | |
| 010 | @a7-80176-019-0@dCNY21.40 | |
| 100 | @a20021219d2002 em y0chiy0110 ea | |
| 101 | 0 | @achi |
| 102 | @aCN@b110000 | |
| 105 | @aa z 000gy | |
| 200 | 1 | @a古典诗歌基本解读@Agu dian shi ge ji ben jie du@9( jian tu ) gu dian shi ge ji ben jie du@e古诗观止@h4@i宋词观止@f北京师联教育科学研究所编著 |
| 210 | @a北京@c人民武警出版社@d2002 | |
| 215 | @a263页@d20cm | |
| 225 | 2 | @a图书馆古典文学基本典藏@e古典文学基本解读 |
| 330 | @a本书按时代分体裁,包括诗、词、曲三大体裁及其中小体裁,主要精选了各时代的古典诗歌。本册为宋词观止。 | |
| 461 | 0 | @12001 @a图书馆古典文学基本典藏 |
| 606 | 0 | @a古典诗歌@y中国@j选集 |
| 606 | 0 | @a宋词@y中国@j选集 |
| 606 | 0 | @a古典诗歌 |
| 606 | 0 | @a宋词 |
| 606 | 0 | @a文学@x中国 |
| 690 | @aI222@v5 | |
| 690 | @aI207@v4 | |
| 711 | 02 | @a北京师联教育科学研究所@9bei jing shi lian jiao yu ke xue yan jiu suo@4编著 |
| 801 | 0 | @aCN@bTSSF@c20150125 |
| 905 | @aZUCC@dI207@eJY241:4 | |
| 古典诗歌基本解读:古诗观止.4.宋词观止/北京师联教育科学研究所编著.-北京:人民武警出版社,2002 |
| 263页;20cm.-(图书馆古典文学基本典藏:古典文学基本解读) |
| ISBN 7-80176-019-0:CNY21.40 |
| 本书按时代分体裁,包括诗、词、曲三大体裁及其中小体裁,主要精选了各时代的古典诗歌。本册为宋词观止。 |
| ● |
| 相关链接 |
|
|
|
|
正题名:古典诗歌基本解读
索取号:I207/JY241:4
 
预约/预借
| 序号 | 登录号 | 条形码 | 馆藏地/架位号 | 状态 | 备注 |
| 1 | 7847588 | 278475883 | 学院路分馆/ [索取号:I207/JY241:4] | 在馆 | |
| 2 | 7854907 | 278549073 | 学院路分馆/ [索取号:I207/JY241:4] | 在馆 |